000 00458nam a2200181 a 4500
001 11200
005 20180713195342.0
008 140415s1972 000 0 spa d
041 _aspa
082 _a303
_bMOO
100 1 _aMOORE, WILBERT E.
245 1 0 _aCAMBIO SOCIAL
260 _a[s.l.] :
_bUTEHA,
_c1972
300 _a204
490 _aMANUALES UTEHA
_v269/269a
650 1 4 _aCAMBIO SOCIAL
700 1 _aGOMEZ DE SILVA, JORGE
_etr.
999 _c11200
_d11200